India in the United Nations: interplay of interests and principles/ (Record no. 178571)

MARC details
000 -LEADER
fixed length control field 00661nam a22001817a 4500
005 - DATE AND TIME OF LATEST TRANSACTION
control field 20210406171022.0
010 ## - LCCN (DPL NO)
LC control number ENG-129375
020 ## - INTERNATIONAL STANDARD BOOK NUMBER
International Standard Book Number 978-93-5388-352-2
Terms of availability 1295.00
035 ## - SYSTEM CONTROL NUMBER
System control number EN-112907
037 ## - SOURCE OF ACQUISITION
Source of stock number/acquisition DBAD/PUB
082 ## - DEWEY DECIMAL CLASSIFICATION NUMBER
Classification number 341.230954
100 ## - MAIN ENTRY--PERSONAL NAME
Personal name Murthy, C. S. R.
245 ## - TITLE STATEMENT
Title India in the United Nations: interplay of interests and principles/
Statement of responsibility, etc C. S. R. Murthy
260 ## - PUBLICATION, DISTRIBUTION, ETC. (IMPRINT)
Place of publication, distribution, etc New Delhi
Name of publisher, distributor, etc Sage Publication India
Date of publication, distribution, etc 2020
270 ## - ADDRESS
Address B1/1-1 Mohan Cooperative Industrial Area Mathura Road
City New Delhi
Postal code 110044
300 ## - PHYSICAL DESCRIPTION
Extent xvi+299p.
Dimensions 22cm(hbk)
Other physical details Including index and bibliographical references.
942 ## - ADDED ENTRY ELEMENTS (KOHA)
Source of classification or shelving scheme Dewey Decimal Classification
Item type English Books
Classification part 341.230954
Call number suffix MUR
Holdings
Withdrawn status Lost status Not for loan Collection code Home library Current library Date acquired Source of acquisition Cost, normal purchase price Full call number Barcode Copy number Cost, replacement price Koha item type
      Non-fiction Central Library Central Library 06/04/2021 DBAD/PUB 1295.00 341.230954 MUR EN-112907 1 1295.00 English Books

© Delhi Public Library
Hit Counter
free hit counter